Statistiques concernant Brassens - Les Copains d'abord

Cliquez ici pour prendre le quiz!

Statistiques générales

  • Ce quiz a été pris 1 096 fois
    (950 depuis la dernière actualisation)
  • Le résultat moyen est 229 sur 316

Statistiques - réponses

Paroles% Correct
à
100%
C'
100%
c'
100%
l'
100%
L'
100%
d'
99%
le
99%
n'
98%
N'
98%
s'
98%
de
97%
Et
97%
et
97%
la
97%
pas
97%
ce
96%
Copains
95%
copains
95%
était
95%
les
94%
Les
94%
abord.
93%
abord
93%
des
93%
Des
93%
Méduse
93%
radeau
93%
bateau
91%
On
91%
on
91%
non
90%
Non
90%
qu'
90%
Qu'
90%
se
90%
Il
89%
il
89%
Au
88%
au
88%
en
88%
Dise
85%
dise
85%
port
84%
fond
82%
grand
82%
ports
80%
canards
79%
j'
79%
Sur
77%
ne
74%
aux
73%
Aux
73%
mais
73%
Mais
73%
naviguait
73%
Naviguait
73%
appelait
72%
déplaise
72%
étaient
72%
lu
72%
amis
71%
est
71%
ils
70%
père
70%
littérature
69%
sort
68%
ai
67%
peinard
66%
Pollux
65%
Castor
63%
jeteurs
63%
bord
62%
avaient
61%
luxe
61%
plus
61%
Évangile
58%
eau
57%
enfants
57%
petits
57%
qui
57%
Qui
57%
Son
57%
mort
56%
Par
56%
anges
54%
Montaigne
54%
jamais
53%
Boétie
52%
choisis
52%
fort
52%
ses
52%
Ses
52%
un
52%
avait
51%
dans
51%
grand-mare
51%
manquait
51%
salauds
51%
tapaient
51%
ventre
50%
bons
49%
franco
49%
mergitur
49%
nec
49%
rendez-vous
49%
seul
49%
Y
49%
coup
48%
dehors
48%
eux
47%
fluctuat
47%
Quand
47%
quand
47%
Sodome
47%
Toutes
47%
toutes
47%
voiles
47%
capitaine
46%
matelots
46%
entre
45%
aimaient
44%
viré
44%
lapins
43%
Leur
43%
leur
43%
souvent
43%
beaucoup
42%
ait
40%
refermait
40%
tenu
40%
gens
39%
Oui
39%
trou
39%
amitié
38%
encore
38%
prenait
38%
Que
38%
bateaux
37%
Trafalgar
37%
elle
36%
Gomorrhe
35%
S.O.S
35%
dit
34%
leurs
34%
moindre
34%
pris
34%
aurait
33%
sémaphores
33%
bras
32%
coquin
32%
détresse
32%
lançaient
32%
quart
31%
ans
29%
après
29%
nord
29%
litanie
28%
montrait
28%
Cent
27%
Confiteor
27%
Crédo
27%
seule
27%
Jean
26%
compagnie
25%
Paul
25%
Pierre
25%

Distribution des résultats

Percentile par nombre de réponses

% des personnes avec chaque résultat

Votre développement - résultats

Vous n’avez pas pris ce quiz depuis la dernière actualisation